Statistics for Miss Universe 2018 Top 20 and awardee

Click here to take the quiz!

General Stats

  • This quiz has been taken 373 times
  • The average score is 16 of 21

Answer Stats

HintAnswer% Correct
Miss UniversePhilippines
98%
2nd Runner UpVenezuela
97%
1st Runner UpSouth Africa
96%
Top 5Vietnam
93%
Top 5Puerto Rico
90%
Top 10Canada
88%
Top 10Thailand
88%
Top 20United States
88%
Top 20Brazil
77%
Top 20Australia
75%
Top 10Costa Rica
74%
Top 10Nepal
74%
Top 20Indonesia
72%
Top 20Great Britain
69%
Top 10Curaçao
67%
Top 20Jamaica
64%
Best in National CostumeLaos
62%
Top 20Poland
59%
Top 20Hungary
54%
Top 20Ireland
54%
Top 20Belgium
53%

Score Distribution

Percentile by Number Answered

Percent of People with Each Score

Your Score History

You have not taken this quiz